Trombinoscope Pokemon #2 - Statistiques

Statistiques générales
  • Ce quiz a été pris 1 035 fois
  • Le résultat moyen est 76 sur 100
Statistiques - réponses
Hint Réponse % Correct
Mewtwo
87%
Dracolosse
87%
Poussifeu
87%
Aquali
87%
Pikachu
87%
Racaillou
87%
Ectoplasma
87%
Écrémeuh
86%
Tortipouss
86%
Noadkoko
86%
Dracaufeu
86%
Qulbutoké
86%
Gardevoir
85%
Nidoking
85%
Togepi
85%
Persian
85%
Celebi
84%
Lucario
84%
Apireine
84%
Démolosse
84%
Ténéfix
83%
Couaneton
83%
Tygnon
83%
Coquiperl
83%
Escroco
82%
Sharpedo
82%
Hexagel
82%
Corboss
82%
Scarhino
81%
Kaiminus
81%
Bekaglaçon
81%
Feunnec
81%
Pijako
80%
Flotajou
80%
Métalosse
80%
Spiritomb
79%
Pandespiègle
79%
Lianaja
78%
Zorua
78%
Shaymin
78%
Séviper
78%
Leuphorie
78%
Mimiqui
78%
Tutafeh
78%
Roigada
78%
Embrylex
78%
Engloutyran
77%
Kranidos
77%
Croquine
77%
Flingouste
77%
Cabriolaine
77%
Libégon
77%
Félinferno
77%
Lapyro
77%
Venipatte
77%
Cadoizo
77%
Ursaking
77%
Rocabot
76%
Yveltal
76%
Dimoret
76%
Poussacha
76%
Heatran
75%
Solgaleo
75%
Ludicolo
75%
Noctunoir
75%
Olivini
74%
Furaiglon
74%
Némélios
74%
Trépassable
74%
Volcanion
73%
Fulgudog
73%
Arkéapti
73%
Munja
72%
Goupilou
72%
Ptyranidur
72%
Genesect
72%
Tengalice
72%
Sonistrelle
71%
Bourrinos
71%
Wushours
70%
Bébécaille
70%
Sepiatroce
70%
Malvalame
69%
Desséliande
69%
Forgela
68%
Vrombotor
68%
Lucanon
67%
Salarsen
65%
Pomdorochi
64%
Lanssorien
64%
Zeraora
64%
Regidrago
61%
Fort-Ivoire
61%
Krakos
60%
Dunaja
59%
Cryodo
58%
Chapotus
56%
Favianos
51%
Pêchaminus
49%
Dinglu
48%
Aucun quiz correspondant
Distribution des résultats
% des personnes avec chaque résultat
Percentile par nombre de réponses
Votre historique - résultats
Vous n’avez pas pris ce quiz